[Event "RB-2011-0-00162"]
[Site "LSS email"]
[Date "2012.01.11"]
[Round "?"]
[White "McDowall, Michael"]
[Black "Cimicki, Dariusz"]
[Result "0-1"]
[WhiteElo "1816"]
[BlackElo "2059"]
[PlyCount "58"]
[EventDate "2011.12.24"]
[EventType "tourn (corr)"]
[EventRounds "6"]
[EventCountry "GER"]
[SourceTitle "Telechess CBM 155"]
[Source "ChessBase"]
[SourceDate "2013.07.16"]
[SourceVersion "1"]
[SourceVersionDate "2013.07.16"]
[SourceQuality "1"]

1. d4 d5 2. c4 c6 3. Nc3 e6 4. Nf3 dxc4 5. e3 b5 6. a4 Bb4 7. Bd2 a5 8. axb5 Bxc3 9. Bxc3 cxb5 10. b3 Bb7 11. bxc4 b4 12. Bb2 Nf6 13. Bd3 Nbd7 14. 0-0 0-0 15. Nd2 h6 16. Re1 Qc7 17. e4 e5 18. d5 Nc5 19. Bc2 Rfe8 20. Nf3 b3 21. Bxb3 Qb6 22. Bxe5 Qxb3 23. Qd4 Nfxe4 24. Bxg7 Qd3 25. Bxh6 Qxd4 26. Nxd4 Nd6 27. Rec1 Rac8 28. f3 Nd3 29. Rc3 Nb2 0-1

[Event "RB-2011-0-00162"]
[Site "LSS email"]
[Date "2012.01.11"]
[Round "?"]
[White "Morcin, Tom"]
[Black "McDowall, Michael"]
[Result "1-0"]
[WhiteElo "1999"]
[BlackElo "1816"]
[PlyCount "21"]
[EventDate "2011.12.24"]
[EventType "tourn (corr)"]
[EventRounds "6"]
[EventCountry "GER"]
[SourceTitle "Corr 2015"]
[Source "ChessBase"]
[SourceDate "2015.07.17"]
[SourceVersion "1"]
[SourceVersionDate "2015.07.17"]
[SourceQuality "1"]

1. Nf3 d5 2. g3 Nf6 3. Bg2 g6 4. d4 Bg7 5. 0-0 0-0 6. c4 dxc4 7. Na3 Nc6 8. Nxc4 Be6 9. b3 Ne4 10. Bb2 f5 11. Rc1 1-0

[Event "RB-2011-0-00162"]
[Site "LSS email"]
[Date "2012.01.11"]
[Round "?"]
[White "Van Hooff, Ruud"]
[Black "McDowall, Michael"]
[Result "1-0"]
[WhiteElo "1968"]
[BlackElo "1816"]
[PlyCount "21"]
[EventDate "2011.12.24"]
[EventType "tourn (corr)"]
[EventRounds "6"]
[EventCountry "GER"]
[SourceTitle "Corr 2015"]
[Source "ChessBase"]
[SourceDate "2015.07.17"]
[SourceVersion "1"]
[SourceVersionDate "2015.07.17"]
[SourceQuality "1"]

1. d4 d5 2. Nf3 Nf6 3. e3 e6 4. Bd3 c5 5. b3 Nc6 6. 0-0 Bd6 7. Bb2 cxd4 8. exd4 0-0 9. Nbd2 Nb4 10. Be2 b6 11. a3 1-0

[Event "LSS SA-2009-0-00047"]
[Site "LSS email"]
[Date "2009.02.13"]
[Round "?"]
[White "McDowall, Michael"]
[Black "Ortiz, Manuel"]
[Result "0-1"]
[WhiteElo "1859"]
[BlackElo "2227"]
[PlyCount "92"]
[EventDate "2009.01.25"]
[EventType "tourn (corr)"]
[EventRounds "6"]
[EventCountry "GER"]
[SourceTitle "Corr 2011"]
[Source "ChessBase"]
[SourceDate "2010.08.31"]
[SourceVersion "1"]
[SourceVersionDate "2010.08.31"]
[SourceQuality "1"]

1. e4 e6 2. d4 d5 3. Nd2 Nc6 4. Ngf3 Nf6 5. e5 Nd7 6. Nb3 a5 7. a4 Be7 8. Bb5 Na7 9. Bd3 b6 10. 0-0 c5 11. c4 Bb7 12. Bf4 0-0 13. Re1 Rc8 14. Nfd2 cxd4 15. Qg4 g6 16. cxd5 Bxd5 17. Nxd4 Nc5 18. Bc2 Bxg2 19. Bh6 Nc6 20. Bxf8 Bxf8 21. N2f3 Nxd4 22. Nxd4 Bb7 23. Rad1 Qd5 24. f3 Qc4 25. b3 Qb4 26. h4 h5 27. Qg3 Bg7 28. f4 Ba6 29. Ne2 Kh8 30. Rd4 Qa3 31. Qe3 Bf8 32. Kh2 Nxa4 33. Rxa4 Qe7 34. Nd4 Qxh4+ 35. Kg2 Bc5 36. Qg3 Qxg3+ 37. Kxg3 Bxd4 38. Rxd4 Rxc2 39. Re3 Kg7 40. Rd6 Bb7 41. Rxb6 Bd5 42. Ra6 Rg2+ 43. Kh3 Rg4 44. Rxa5 Rxf4 45. Ra4 Rf1 46. Ra2 g5 0-1

[Event "LSS RB-2008-0-00032"]
[Site "LSS email"]
[Date "2008.11.06"]
[Round "?"]
[White "Laczay, Istvan"]
[Black "McDowall, Michael"]
[Result "0-1"]
[WhiteElo "1853"]
[BlackElo "1840"]
[PlyCount "60"]
[EventDate "2008.10.20"]
[EventType "tourn (corr)"]
[EventRounds "6"]
[EventCountry "GER"]
[SourceTitle "Corr 2013"]
[Source "ChessBase"]
[SourceDate "2012.11.12"]
[SourceVersion "1"]
[SourceVersionDate "2012.11.12"]
[SourceQuality "1"]

1. d4 Nf6 2. c4 e6 3. Nc3 Bb4 4. f3 d5 5. a3 Bxc3+ 6. bxc3 c6 7. e4 dxe4 8. fxe4 e5 9. Nf3 Qa5 10. Qd3 exd4 11. Bd2 dxc3 12. Bxc3 Qc5 13. Bb4 Qb6 14. Rd1 Na6 15. Bd6 Qa5+ 16. Rd2 Bf5 17. Bb4 Nxb4 18. axb4 Qxb4 19. exf5 0-0 20. Kd1 a5 21. Kc1 a4 22. Rb2 Qc5 23. Qd4 Qxf5 24. Rxb7 Qc8 25. Rb2 a3 26. Ra2 Qb8 27. Nd2 Qb4 28. Qd3 Rfe8 29. Be2 Qc5 30. Nf3 Re3 0-1

[Event "LSS RB-2008-0-00032"]
[Site "LSS email"]
[Date "2008.11.06"]
[Round "?"]
[White "McDowall, Michael"]
[Black "Silva, Raimundo"]
[Result "1/2-1/2"]
[WhiteElo "1840"]
[BlackElo "1979"]
[PlyCount "53"]
[EventDate "2008.10.20"]
[EventType "tourn (corr)"]
[EventRounds "6"]
[EventCountry "GER"]
[SourceTitle "Corr 2011"]
[Source "ChessBase"]
[SourceDate "2010.08.31"]
[SourceVersion "1"]
[SourceVersionDate "2010.08.31"]
[SourceQuality "1"]

1. c4 e5 2. g3 Nf6 3. Nc3 Bc5 4. Nf3 d6 5. Bg2 Nc6 6. 0-0 0-0 7. d3 h6 8. a3 a5 9. e3 Bf5 10. d4 Bb6 11. c5 Ba7 12. b4 exd4 13. Nxd4 Nxd4 14. exd4 c6 15. Re1 Re8 16. Rxe8+ Qxe8 17. Bf4 dxc5 18. bxc5 Bb8 19. Be3 Bc7 20. Qb3 Rb8 21. d5 cxd5 22. Nxd5 Nxd5 23. Qxd5 Bd7 24. Rd1 Bc6 25. Qf5 Rd8 26. Rxd8 Bxd8 27. Bxc6 1/2-1/2

[Event "LSS CP-2008-P-00061"]
[Site "LSS email"]
[Date "2008.10.01"]
[Round "?"]
[White "McDowall, Michael"]
[Black "Ottenweller, Wolfgang"]
[Result "1-0"]
[WhiteElo "1858"]
[BlackElo "1651"]
[PlyCount "101"]
[EventDate "2008.10.01"]
[EventType "tourn (corr)"]
[EventRounds "6"]
[EventCountry "GER"]
[SourceTitle "Corr 2011"]
[Source "ChessBase"]
[SourceDate "2010.08.31"]
[SourceVersion "1"]
[SourceVersionDate "2010.08.31"]
[SourceQuality "1"]

1. d4 Nf6 2. c4 e5 3. dxe5 Ng4 4. Nf3 Nc6 5. Bf4 Bb4+ 6. Nc3 Bxc3+ 7. bxc3 Qe7 8. e3 Ngxe5 9. Nxe5 Nxe5 10. Qd5 d6 11. c5 a6 12. cxd6 cxd6 13. Rd1 Bg4 14. f3 Be6 15. Qxd6 Qxd6 16. Rxd6 Ng6 17. Bg3 Bxa2 18. Bd3 Rd8 19. Rxd8+ Kxd8 20. c4 Ke7 21. c5 Ke6 22. Ke2 Ne5 23. Bxe5 Kxe5 24. Rd1 g5 25. g3 f5 26. Rd2 Be6 27. f4+ gxf4 28. exf4+ Kf6 29. Rb2 Rc8 30. Rxb7 Rxc5 31. Rxh7 Ra5 32. Rc7 Ra2+ 33. Rc2 Rxc2+ 34. Bxc2 Bd7 35. Ke3 Bc6 36. Kd4 a5 37. Kc4 Bd7 38. Kc5 Be8 39. Bb1 Bd7 40. Kb6 a4 41. Ka5 Bc6 42. Bc2 a3 43. Bb3 Bf3 44. Kb4 Kg6 45. Kxa3 Kh5 46. h3 Be2 47. Be6 Kg6 48. g4 fxg4 49. hxg4 Kf6 50. Bf5 Bf3 51. Kb4 1-0

[Event "LSS RB-2008-0-00023"]
[Site "LSS email"]
[Date "2008.09.12"]
[Round "?"]
[White "McDowall, Michael"]
[Black "Malmstroem, Jan"]
[Result "0-1"]
[WhiteElo "1878"]
[BlackElo "1906"]
[PlyCount "106"]
[EventDate "2008.08.30"]
[EventType "tourn (corr)"]
[EventRounds "6"]
[EventCountry "GER"]
[SourceTitle "Corr 2011"]
[Source "ChessBase"]
[SourceDate "2010.08.31"]
[SourceVersion "1"]
[SourceVersionDate "2010.08.31"]
[SourceQuality "1"]

1. d4 Nf6 2. c4 g6 3. Nc3 Bg7 4. e4 d6 5. Nf3 0-0 6. Be2 e5 7. dxe5 dxe5 8. Qxd8 Rxd8 9. Bg5 Re8 10. 0-0-0 Na6 11. Nxe5 h6 12. Bxf6 Bxf6 13. f4 c6 14. Rhf1 Kg7 15. a3 Nc5 16. b4 Bxe5 17. fxe5 Nd7 18. e6 Rxe6 19. c5 Re7 20. h4 Nf6 21. Rd3 Be6 22. Kc2 Nd7 23. h5 Ne5 24. Rd4 a5 25. hxg6 fxg6 26. Kd2 h5 27. b5 Nd7 28. Na4 Rae8 29. Rc1 Bb3 30. bxc6 bxc6 31. Bf3 Nf6 32. Kd3 g5 33. g3 Bf7 34. Nb6 Bg6 35. Re1 h4 36. gxh4 gxh4 37. Nc4 h3 38. Nd6 Rb8 39. Rc4 Nd5 40. Bd1 Nf4+ 41. Kd2 Re5 42. Rh1 Rg5 43. Ke3 Ng2+ 44. Kd2 Rg3 45. Rc3 Rb2+ 46. Kc1 Rxc3+ 47. Kxb2 Rg3 48. Rg1 h2 49. Rh1 Ne3 50. Ba4 Rg2+ 51. Kb3 Ng4 52. Bxc6 Nf2 53. e5 Rg3+ 0-1

[Event "LSS SB-2008-0-00021"]
[Site "LSS email"]
[Date "2008.08.11"]
[Round "?"]
[White "Blankenberg, Bruno"]
[Black "McDowall, Michael"]
[Result "1-0"]
[WhiteElo "1898"]
[BlackElo "1881"]
[PlyCount "87"]
[EventDate "2008.07.23"]
[EventType "tourn (corr)"]
[EventRounds "6"]
[EventCountry "GER"]
[SourceTitle "Corr 2013"]
[Source "ChessBase"]
[SourceDate "2012.11.12"]
[SourceVersion "1"]
[SourceVersionDate "2012.11.12"]
[SourceQuality "1"]
[WhiteTeam "US of America"]
[BlackTeam "US of America"]
[WhiteTeamCountry "USA"]
[BlackTeamCountry "USA"]

1. e4 c6 2. d4 d5 3. e5 Bf5 4. Nd2 e6 5. Nb3 Nd7 6. Nf3 Ne7 7. Be2 Ng6 8. 0-0 Be7 9. Be3 Bg4 10. c3 0-0 11. h3 Bxf3 12. Bxf3 a5 13. Be2 a4 14. Nc1 c5 15. f4 cxd4 16. cxd4 Nb6 17. Bd3 Nc4 18. Qe2 b5 19. f5 exf5 20. Bxf5 Bg5 21. Bxg5 Qxg5 22. Bxg6 hxg6 23. Nd3 Qe3+ 24. Qxe3 Nxe3 25. Rf2 Rac8 26. e6 fxe6 27. Re1 Rxf2 28. Kxf2 Nc2 29. Rxe6 Rf8+ 30. Kg3 Nxd4 31. Re5 Rf5 32. Rxf5 gxf5 33. Kf4 g6 34. Ke5 Nc2 35. Kxd5 Ne3+ 36. Kc5 Nxg2 37. Kxb5 g5 38. Kxa4 Kf7 39. Kb5 Ke6 40. a4 Kd6 41. Kb6 Ne3 42. Kb7 Nc4 43. b4 g4 44. hxg4 1-0

[Event "LSS SB-2008-0-00021"]
[Site "LSS email"]
[Date "2008.08.11"]
[Round "?"]
[White "Podgursky, Artur"]
[Black "McDowall, Michael"]
[Result "1-0"]
[WhiteElo "1896"]
[BlackElo "1881"]
[PlyCount "61"]
[EventDate "2008.07.23"]
[EventType "tourn (corr)"]
[EventRounds "6"]
[EventCountry "GER"]
[SourceTitle "Corr 2013"]
[Source "ChessBase"]
[SourceDate "2012.11.12"]
[SourceVersion "1"]
[SourceVersionDate "2012.11.12"]
[SourceQuality "1"]
[WhiteTeam "US of America"]
[BlackTeam "US of America"]
[WhiteTeamCountry "USA"]
[BlackTeamCountry "USA"]

1. e4 c6 2. Nc3 d5 3. Nf3 Bg4 4. h3 Bxf3 5. Qxf3 e6 6. d3 Nf6 7. Bd2 Nbd7 8. g4 d4 9. Ne2 Qb6 10. 0-0-0 Bb4 11. Bxb4 Qxb4 12. g5 Ng8 13. c3 Qa4 14. Nxd4 Qxa2 15. Kc2 Qa4+ 16. Kb1 Ne7 17. Nc2 c5 18. h4 0-0 19. h5 Rad8 20. Be2 f5 21. gxf6 Nxf6 22. Rhg1 Nc6 23. Qh3 e5 24. f4 exf4 25. Rdf1 Ne8 26. Ne3 Rf7 27. Nf5 Kh8 28. Rxf4 Ne5 29. Qg3 Qc6 30. Nxg7 Nf6 31. Rf5 1-0

[Event "LSS BI-2008-P-00009"]
[Site "LSS email"]
[Date "2008.04.27"]
[Round "?"]
[White "McDowall, Michael"]
[Black "Aguilar, Sebastian"]
[Result "1/2-1/2"]
[WhiteElo "1845"]
[BlackElo "2021"]
[PlyCount "71"]
[EventDate "2008.04.27"]
[EventType "tourn (corr)"]
[EventRounds "10"]
[EventCountry "GER"]
[SourceTitle "Corr 2013"]
[Source "ChessBase"]
[SourceDate "2012.11.12"]
[SourceVersion "1"]
[SourceVersionDate "2012.11.12"]
[SourceQuality "1"]
[WhiteTeam "US of America"]
[BlackTeam "US of America"]
[WhiteTeamCountry "USA"]
[BlackTeamCountry "USA"]

1. d4 Nf6 2. c4 c5 3. d5 b5 4. cxb5 a6 5. bxa6 Bxa6 6. Nc3 g6 7. g3 Bg7 8. Nf3 d6 9. Bg2 Nbd7 10. 0-0 Nb6 11. Re1 0-0 12. Bf4 Ne8 13. Qd2 Nc4 14. Qc1 Rb8 15. Rb1 Qa5 16. Bh6 Nf6 17. Bxg7 Kxg7 18. Nd2 Nxd2 19. Qxd2 Rb4 20. Qe3 Rfb8 21. Qxe7 R4b6 22. Qe3 Rxb2 23. Rxb2 Rxb2 24. Rc1 Qa3 25. Bf3 Bc8 26. Kg2 Bg4 27. Bxg4 Nxg4 28. Qf4 h6 29. h3 Ne5 30. Kh2 Rb4 31. Qd2 Nc4 32. Qc2 Rb2 33. Qe4 Ne5 34. Qe3 Nc4 35. Qd3 Rd2 36. Qb1 1/2-1/2

[Event "LSS BI-2008-P-00009"]
[Site "LSS email"]
[Date "2008.04.27"]
[Round "?"]
[White "McDowall, Michael"]
[Black "De Melo, Gerson Luis"]
[Result "1/2-1/2"]
[WhiteElo "1873"]
[BlackElo "2064"]
[PlyCount "78"]
[EventDate "2008.04.27"]
[EventType "tourn (corr)"]
[EventRounds "10"]
[EventCountry "GER"]
[SourceTitle "Corr 2011"]
[Source "ChessBase"]
[SourceDate "2010.08.31"]
[SourceVersion "1"]
[SourceVersionDate "2010.08.31"]
[SourceQuality "1"]

1. d4 Nf6 2. c4 e6 3. Nf3 c5 4. d5 exd5 5. cxd5 d6 6. Nc3 g6 7. e4 a6 8. Bd3 Bg7 9. 0-0 0-0 10. Re1 b5 11. Bf4 Re8 12. Rc1 Bg4 13. h3 Bxf3 14. Qxf3 Qb6 15. a3 Nbd7 16. Qe3 Nh5 17. Bh2 Bd4 18. Qd2 Nhf6 19. Bf4 Re7 20. Re2 Rae8 21. Rce1 c4 22. Bc2 Be5 23. Bg5 a5 24. Qe3 Bd4 25. Qf3 Nh5 26. Rd2 Ne5 27. Qd1 f6 28. Be3 Bxe3 29. Rxe3 Nf4 30. b3 Nfd3 31. Bxd3 Nxd3 32. bxc4 bxc4 33. Qa4 Qc5 34. Qc6 Rb8 35. Rc2 Kf7 36. a4 Rc7 37. Qxc5 Rxc5 38. Nb5 Ke7 39. Kf1 Nb4 1/2-1/2

[Event "LSS BI-2008-P-00009"]
[Site "LSS email"]
[Date "2008.04.27"]
[Round "?"]
[White "McDowall, Michael"]
[Black "Mason, Ian J"]
[Result "1/2-1/2"]
[WhiteElo "1873"]
[BlackElo "2129"]
[PlyCount "45"]
[EventDate "2008.04.27"]
[EventType "tourn (corr)"]
[EventRounds "10"]
[EventCountry "GER"]
[SourceTitle "Corr 2011"]
[Source "ChessBase"]
[SourceDate "2010.08.31"]
[SourceVersion "1"]
[SourceVersionDate "2010.08.31"]
[SourceQuality "1"]

1. d4 Nf6 2. c4 e6 3. Nc3 Bb4 4. Qc2 d5 5. cxd5 Qxd5 6. e3 c5 7. Bd2 Bxc3 8. Bxc3 cxd4 9. Bxd4 Nc6 10. Bxf6 gxf6 11. Ne2 Bd7 12. Nc3 Nb4 13. Qd1 Qa5 14. Qb3 Bc6 15. a3 Nd5 16. Bb5 Bxb5 17. Qxb5+ Qxb5 18. Nxb5 a6 19. Nd4 Rc8 20. Ke2 Ke7 21. Rhd1 Rhg8 22. g3 Nb6 23. Rac1 1/2-1/2

[Event "LSS RB-2008-0-00007"]
[Site "LSS email"]
[Date "2008.04.18"]
[Round "?"]
[White "McDowall, Michael"]
[Black "Bujdak, Pavol"]
[Result "1/2-1/2"]
[WhiteElo "1879"]
[BlackElo "1942"]
[PlyCount "108"]
[EventDate "2008.04.02"]
[EventType "tourn (corr)"]
[EventRounds "6"]
[EventCountry "GER"]
[SourceTitle "Corr 2011"]
[Source "ChessBase"]
[SourceDate "2010.08.31"]
[SourceVersion "1"]
[SourceVersionDate "2010.08.31"]
[SourceQuality "1"]

1. d4 d5 2. c4 dxc4 3. Nf3 a6 4. e3 Bg4 5. Bxc4 e6 6. Qb3 Bxf3 7. gxf3 b5 8. Be2 Nd7 9. a4 c6 10. e4 Ngf6 11. axb5 axb5 12. Rxa8 Qxa8 13. 0-0 Be7 14. Bf4 0-0 15. Rc1 b4 16. Be3 Rc8 17. Nd2 Qa5 18. Kh1 Kh8 19. Qc2 h6 20. Nb3 Qd8 21. Ba6 Rc7 22. Bf4 e5 23. dxe5 Nh5 24. Be3 Nxe5 25. f4 Ng4 26. Qe2 f5 27. Nd4 Nxe3 28. fxe3 Nxf4 29. Qf1 Bg5 30. Bc4 Rc8 31. exf5 Nh5 32. Qf3 Nf6 33. Rg1 Qd6 34. Ne6 Nh7 35. b3 Bf6 36. Rd1 Qe5 37. Nf4 Nf8 38. Be6 Rb8 39. Nd3 Qc7 40. Bc4 Rd8 41. e4 Qd6 42. Nf2 Qe5 43. Rxd8 Bxd8 44. Nd3 Qa1+ 45. Kg2 Bb6 46. Qf4 Qg1+ 47. Kh3 Nd7 48. Nxb4 Qc5 49. Nd3 Qd4 50. Qf3 Bc7 51. Qe2 Bb8 52. Kg2 Nf6 53. h3 Nxe4 54. Nf2 Nf6 1/2-1/2